Capital Cities Midpoints: Closest to Reykjavik, Rome, Praia - Statistics

General Stats
  • This quiz has been taken 29 times
  • The average score is 26 of 60
Answer Stats
D Capital City A Capital City B % Correct
2 km Rome Vatican City
74%
114 km San Marino Vatican City
74%
163 km Brasilia Vatican City
74%
345 km Moscow Ottawa
70%
369 km Kiev Ottawa
70%
130 km Andorra la Vella Athens
65%
141 km Algiers Bucharest
57%
273 km Dushanbe Havana
57%
113 km Rome San Marino
57%
169 km Brasilia San Marino
57%
135 km Monaco Tirana
57%
151 km Andorra la Vella Tirana
57%
99 km Ankara Lisbon
52%
135 km Brasilia Monaco
52%
150 km Buenos Aires Moscow
52%
120 km Andorra la Vella Skopje
52%
137 km Andorra la Vella Sofia
52%
109 km Berlin Tripoli
52%
110 km Prague Tripoli
52%
55 km Ljubljana Tunis
52%
97 km Bratislava Tunis
52%
147 km Budapest Tunis
52%
44 km Vaduz Valletta
52%
112 km Bern Valletta
52%
66 km Tunis Zagreb
52%
302 km Bishkek Kingston
48%
83 km Tunis Vienna
48%
138 km Algiers Belgrade
43%
199 km Dushanbe Nassau
43%
311 km Kathmandu Panama
43%
189 km Bishkek Port-au-Prince
43%
206 km Havana Kabul
39%
211 km Dhaka Quito
39%
206 km Khartoum Quito
39%
226 km Asmara Quito
39%
54 km New Delhi San Jose
39%
410 km Islamabad San Jose
39%
360 km Bishkek Santo Domingo
39%
126 km Bangui Santo Domingo
39%
407 km Managua New Delhi
35%
166 km Brasilia Rome
35%
394 km Brasilia Seoul
35%
129 km Mexico City Muscat
30%
62 km N'Djamena Port-of-Spain
30%
199 km Nairobi San Salvador
30%
126 km Quito Thimphu
30%
177 km Asuncion Chisinau
26%
41 km N'Djamena Saint George's
26%
89 km Ankara Sucre
26%
128 km Nassau Tashkent
26%
360 km Kingston Tashkent
26%
158 km Paramaribo Ulaanbaatar
26%
155 km Guatemala City Nairobi
22%
409 km Kabul Tegucigalpa
22%
165 km Nairobi Tegucigalpa
22%
121 km Kingstown N'Djamena
17%
164 km Bridgetown N'Djamena
17%
178 km Castries N'Djamena
17%
227 km Saint John's Yaounde
13%
229 km Basseterre Yaounde
13%
No matching quizzes found
Score Distribution
Percent of People with Each Score
Percentile by Number Answered
Your Score History
You have not taken this quiz